HARRY POTTER (Record no. 5923)
[ view plain ]
| 000 -LEADER | |
|---|---|
| fixed length control field | 00656nam a22001457a 4500 |
| 020 ## - INTERNATIONAL STANDARD BOOK NUMBER | |
| ISBN | 978-93-86106-58-2 |
| 082 ## - DEWEY DECIMAL CLASSIFICATION NUMBER | |
| Classification number | 823 |
| Item number | ROW/H |
| 100 ## - MAIN ENTRY--AUTHOR NAME | |
| Personal name | ROWLING, J K |
| 245 ## - TITLE STATEMENT | |
| Title | HARRY POTTER |
| Remainder of title | RON WEASLEY |
| 260 ## - PUBLICATION, DISTRIBUTION, ETC. (IMPRINT) | |
| Place of publication | GURGAON |
| Name of publisher | SCHOLASTIC INDIA |
| Year of publication | 2016 |
| 300 ## - PHYSICAL DESCRIPTION | |
| Number of Pages | 63 |
| 520 ## - SUMMARY, ETC. | |
| Summary, etc | Ron is deeply loyal to the people he loves—his family, Harry, his pet rat Scabbers, and Hermione—and he defends their rights with a fiery desperation, as we see in this book when he refuses to speak to Hermione for allowing her cat to attack his rat, or for turning Harry's new broomstick into Professor McGonagall. |
| 650 ## - SUBJECT ADDED ENTRY--TOPICAL TERM | |
| Topical Term | ADVENTURE CINEMATIC GUIDE |
| Geographic subdivision | INDIA |
| 942 ## - ADDED ENTRY ELEMENTS (KOHA) | |
| Koha item type | Books |
| Withdrawn status | Lost status | Collection code | Home library | Current library | Shelving location | Date acquired | Source of acquisition | Cost, normal purchase price | Full call number | Accession Number | Koha item type |
|---|---|---|---|---|---|---|---|---|---|---|---|
| Fiction | Main Library | Main Library | SHELF 15 H-HARRY POTTER(CHARACTERISATION),WIMPY KID,DORK DIARIES | 18/10/2018 | purchase | 395.00 | 823 ROW/H | 10277 | Books | ||
| Fiction | Main Library | Main Library | SHELF 15 H-HARRY POTTER(CHARACTERISATION),WIMPY KID,DORK DIARIES | 25/10/2017 | purchase | 395.00 | 823 ROW/H | 10079 | Books | ||
| Fiction | Main Library | Main Library | SHELF 15 H-HARRY POTTER(CHARACTERISATION),WIMPY KID,DORK DIARIES | 18/10/2018 | purchase | 395.00 | 823 ROW/H | 10276 | Books |